000 00428nam a2200157Ia 4500
999 _c14159
_d14159
003 OSt
005 20260407165922.0
008 260210s9999 xx 000 0 und d
020 _a9788174092304
082 _a628.2
100 _aKHANNA PUB
245 0 _aKHANNA PUBLISHERS ENVIRONMENTAL ENGINEERING : SEWAGE DISPOSAL AND AIR POLLUTION ENGINEERING VOL .II
260 _bKHANNA PUB 1979
260 _c1979
942 _cBPLAN
_2ddc